03182cam a22003978i 450000100090000000300090000900500170001800800410003502000180007604000330009408200190012710000270014624500440017326400690021730000280028633600260031433700280034033800270036850400510039552016370044665000220208365000380210565000400214365000410218365000260222465000320225065000300228265000410231265300200235365500240237377601500239790600450254794200120259299900170260495201630262121797990EG-ScBUE20220303094243.0201112s2021 enk f b 001 0 eng d a9780367610135 aDLCbengerdacDLCdEG-ScBUE04a614.4222bPIE1 aPieri, Elisa,eauthor.10aPandemics :bthe basics /cElisa Pieri. 1aMilton Park, Abingdon, Oxon ;aNew York, NY :bRoutledge,c2021. axii, 191 pages ;c21 cm atextbtxt2rdacontent aunmediatedbn2rdamedia avolumebnc2rdacarrier aIncludes bibliographical references and index. a"This book provides an engaging, jargon-free introduction to the threat of global pandemics, offering an overview of the many origins and triggers of pandemic events. It covers the impacts generated by novel infectious disease outbreaks across various dimensions - from social and ethical to medical and political, from media to economic and legal implications. The author discusses the preparedness strategies developed globally, the lessons learned from various outbreaks and the mitigation measures deployed - from quarantine and social distancing to data sharing and surveillance systems - including their unintended impacts. While the risk of global pandemics is certainly intensely debated by the scientific community, and increasingly by policy makers at various levels, the threat is hardly discussed in the public domain. It only permeates the media during crisis events, such as during the SARS outbreak in 2003, the West African Ebola outbreak in 2014-15, and most notably the ongoing COVID-19 global pandemic crisis. This book is thus highly timely and topical. It has a global scope, whilst at times zooming in on the implications of pandemic risk and mitigation for the Global North or the Global South. Given the interdisciplinarity of the topic, this book will be of great interest to a wider non-academic audience, as well as students from a range of subjects including politics, sociology, geography, anthropology, and international development, along with entry-level medical students keen to widen their appreciation of the social dimensions of the medical work they set out to conduct"--cProvided by publisher. 7aEpidemics.2BUEsh 7aEpidemicsxSocial aspects.2BUEsh 7aEpidemicsxEconomic aspects.2BUEsh 7aEpidemicsxPolitical aspects.2BUEsh 7aSARS (Disease)2BUEsh 7aEbola virus disease.2BUEsh 7aCOVID-19 (Disease)2BUEsh 7aCommunicable diseases.2BUEsh939999 bGGENcMarch2022 vReading book93423208iOnline version:aPieri, Elisa,tPandemics: the basicsdMilton Park, Abingdon, Oxon ; New York : Routledge, 2021.z9781003102892w(DLC) 2020046510 a7bcbccorignewd1eecipf20gy-gencatlg 2ddccBB c29833d29804 00102ddc40708AlahramaMAINbMAINc1STd2022-03-03ePurchaseg369.00h282l1o614.4 PIEp000056191r2025-07-15 00:00:00s2022-06-15v461.25w2022-03-03yBB